000 01338nam a22003737a 4500
001 3485907
003 OSt
005 20210426111358.0
008 940301s1994 nyu b 001 0 eng
010 _a 94009186
020 _a0688129587 (alk. paper) :
040 _aDLC
_cDLC
_dDLC
_beng
041 _aeng
050 0 0 _aBM565
_b.T45 1994
080 _a94
_bT-33
082 0 0 _a296.3
_220
100 1 _aTelushkin, Joseph,
_d1948-
245 1 0 _aJewish wisdom :
_bethical, spiritual, and historical lessons from the great works and thinkers /
_c/ by: William Morrow and Company Inc
260 _aNew York
_bWilliam Morrow and Company Inc
_cc1994.
300 _axxiv, 663 p. ill.
_c24 cm.
365 _b25 usd
504 _aIncludes bibliographical references (p. 619-634) and index.
650 0 _aJudaism
_xEssence, genius, nature.
650 0 _aHistory
_9252
650 0 _aJewish ethics.
650 0 _aJudaism
_xQuotations, Maxims, etc.
650 0 _aJews
_xQuotations.
653 _aისტორია
653 _aიუდაიზმი
856 4 2 _3Publisher description
_uhttp://www.loc.gov/catdir/description/hc044/94009186.html
906 _a7
_bcbc
_corignew
_d1
_eocip
_f19
_gy-gencatlg
942 _2udc
_cBK
999 _c1232
_d1232